| 000 | 00945cab a2200289 4500 | ||
|---|---|---|---|
| 001 | ABS57396 | ||
| 008 | 090401t1997 xxu||||| |||| 00| 0 eng d | ||
| 035 | _a(Sirsi) u79707 | ||
| 041 | _aeng | ||
| 245 | _aHidden value | ||
| 260 | _c1997 | ||
| 350 | _a0 | ||
| 490 |
_aEstates Gazette _v(9727) 5 July 1997, 62-63(2) |
||
| 520 | _aSummarises some of the main property headlines of the Valuation Office Spring 1997 Property Market Report. Includes a chart of residential development land values. | ||
| 650 | _aPROPERTY-RURAL AND NATURAL ASSETS-AGRICULTURAL PROPERTY-AGRICULTURAL LAND | ||
| 650 | _aCOMMERCIAL DEVELOPMENT | ||
| 650 | _aHOUSING MARKET | ||
| 650 | _aLAND VALUES | ||
| 650 | _aPROPERTY INVESTMENT | ||
| 650 | _aPROPERTY MARKET REPORTS | ||
| 650 | _aRESIDENTIAL BUILDING LAND | ||
| 650 | _aSHOPPING CENTRE YIELDS | ||
| 650 | _aVALUATION OFFICE | ||
| 690 | _aSPECIAL REPORTS | ||
| 942 | _n0 | ||
| 948 | _c18/07/1997 | ||
| 999 |
_c50135 _d50135 |
||